000 01141nam a2200325 i 4500
003 DO-SdBNP
005 20250502093643.0
007 ta
008 250502b1974 dr ||||| |||| 00| 0 spa d
040 _aDO-SdBNP
_bspa
_cBNPHU
_erda
041 _hspa
082 4 _a327.7307293
_bM671r
_222
100 1 _aMir, Pedro,
_d1913-2000
_eautor
_4aut.
_97245
245 1 4 _aLas raíces dominicanas de la doctrina de Monroe /
_cPedro Mir.
250 _aPrimera edición
264 1 _aSanto Domingo :
_bEdiciones de Taller,
_c1974.
300 _a107 páginas ;
_c23 cm.
336 _atexto
_btxt
_2rdacontent
337 _asin mediación
_bn
_2rdamedia
338 _avolumen
_bnc
_2rdacarrier
490 1 _aBiblioteca Taller ;
_v43
500 _aIncluye referencias bibliográficas y notas al pie de las páginas
590 _aInventariado, 2025/BT
650 4 _aDoctrina de Monroe
_949882
651 4 _aRepública Dominicana
_xHistoria
_9170
651 4 _aRepública Dominicana
_xRelaciones exteriores
_zEstados Unidos
_96308
651 4 _aEstados Unidos
_xRelaciones exteriores
_zRepública Dominicana
_96309
910 _aBtavárez
942 _2ddc
_cLBS1
999 _c58914
_d58914